Differential tolerance of clones of Eucalyptus grandis exposed to drift of the herbicides carfentrazone-ethyl and glyphosate (Registro n. 9398)
[ somente texto ]
| 000 -LÍDER | |
|---|---|
| fixed length control field | 04653nab a2200337 i 4500 |
| 003 - CÓDIGO MARC DA AGÊNCIA CATALOGADORA | |
| Campo de controle | BR-BrBNA |
| 005 - DATA E HORA DA ÚLTIMA ATUALIZAÇÃO | |
| Campo de controle | 20230911102103.0 |
| 008 - CAMPO DE TAMANHO FIXO | |
| fixed length control field | 230619b2019 bl.ar|pooa||| 00| 0 eng | |
| 040 ## - FONTE DA CATALOGAÇÃO | |
| Agência catalogadora | BR-BrBNA |
| Idioma da catalogação | eng |
| 072 ## - CATEGORIA AGRIS | |
| Código AGRIS | H60 |
| Código do objeto | 3240 |
| 072 ## - CATEGORIA AGRIS | |
| Código AGRIS | F61 |
| 072 ## - CATEGORIA AGRIS | |
| Código AGRIS | F50 |
| 100 ## - ENTRADA PRINCIPAL - NOME PESSOAL | |
| Nome pessoal | Santos, S.A. |
| 100 ## - ENTRADA PRINCIPAL - NOME PESSOAL | |
| Nome pessoal | Tuffi-Santos, L.D. |
| 100 ## - ENTRADA PRINCIPAL - NOME PESSOAL | |
| Nome pessoal | Alfenas, A.C. |
| 100 ## - ENTRADA PRINCIPAL - NOME PESSOAL | |
| Nome pessoal | Alfenas, A.C. |
| 100 ## - ENTRADA PRINCIPAL - NOME PESSOAL | |
| Nome pessoal | Faria, A.T. |
| 100 ## - ENTRADA PRINCIPAL - NOME PESSOAL | |
| Nome pessoal | Sant'Anna-Santos, B.F. |
| 245 ## - TÍTULO PRINCIPAL | |
| Título principal | Differential tolerance of clones of Eucalyptus grandis exposed to drift of the herbicides carfentrazone-ethyl and glyphosate |
| 500 ## - NOTA GERAL | |
| Nota geral | Publicação on-line; 36 ref.; 3 tables; 3 illus.; Summaries (En, Pt) |
| 942 ## - ADDED ENTRY ELEMENTS (KOHA) | |
| Koha item type | |
| 520 ## - NOTA DE RESUMO | |
| Nota de conteúdo | <br/><br/>ABSTRACT - Drift of the herbicides carfentrazone-ethyl and glyphosate may affect<br/>the initial growth of eucalyptus. This study aimed to assess the effect of carfentrazoneethyl<br/>and glyphosate drift on photosynthesis, leaf morphoanatomy, and initial growth<br/>of two clones of Eucalyptus grandis. Two experiments were carried out in a<br/>2 x 4 factorial scheme, in which factor 1 was represented by two clones of E. grandis<br/>and factor 2 by four herbicide underdoses (control, 86.4 g a.e. ha-1 of glyphosate,<br/>3.0 g a.e. ha-1 of carfentrazone-ethyl, and the mixture of 86.4 g a.e. ha-1 of glyphosate<br/>+ 3.0 g a.e. ha-1 of carfentrazone-ethyl). Herbicide application was carried out by<br/>simulating the drift in the lower third of seedling canopy. Assessments were performed<br/>23 days after herbicide application. Both clones presented morphoanatomical changes<br/>such as erosion of epicuticular waxes and degeneration of epidermal and parenchymal<br/>cells, especially when exposed to carfentrazone-ethyl underdose or its mixture with<br/>glyphosate. The clone CLR 383 was the most affected by the tested herbicides and<br/>presented the highest injury, lowest initial growth, lowest dry matter, and highest<br/>reduction of photosynthetic rate when treated with herbicide mixture, followed by<br/>carfentrazone-ethyl and glyphosate underdoses. The initial growth, dry matter, and<br/>photosynthesis of the clone CLR 384 were not affected by the carfentrazone-ethyl<br/>underdose. Thus, both herbicides applied in isolation or in a mixture reduced the<br/>initial growth, dry matter, and photosynthesis of eucalyptus.<br/><br/>Keywords: eucalyptus, photosynthesis, leaf morphoanatomy, phytointoxication. |
| 520 ## - NOTA DE RESUMO | |
| Nota de conteúdo | <br/><br/>RESUMO - A deriva dos herbicidas carfentrazone-ethyl e glyphosate pode afetar o<br/>crescimento inicial do eucalipto. Este trabalho objetivou avaliar o efeito da deriva<br/>de carfentrazone-ethyl e glyphosate sobre a fotossíntese, a morfoanatomia foliar e<br/>o crescimento inicial de dois clones de Eucalyptus grandis. Foram realizados dois<br/>ensaios em esquema fatorial 2 x 4, sendo o fator 1 representado por dois clones de<br/>E. grandis, e o fator 2, por quatro subdoses dos herbicidas (testemunha,<br/>86,4 g e.a. ha-1 de glyphosate, 3,0 g e.a. ha-1 de carfentrazone-ethyl e a mistura de<br/>86,4 g e.a. ha-1 de glyphosate + 3,0 g e.a. ha-1 de carfentrazone-ethyl). A aplicação<br/>dos herbicidas foi feita simulando deriva no terço inferior da copa das mudas. As<br/>avaliações foram realizadas 23 dias após aplicação. Os dois clones apresentaram<br/>alterações morfoanatômicas, como erosão de ceras epicuticulares, degeneração<br/>de células epidérmicas e parenquimáticas, sobretudo quando expostas à subdose<br/>de carfentrazone-ethyl ou de sua mistura com glyphosate. O clone CLR 383 foi o<br/>mais afetado pelos herbicidas testados e apresentou maior injúria, menor<br/>crescimento inicial, menor massa seca e maior redução na taxa fotossintética<br/>quando tratado com a mistura, seguida das subdoses de carfentrazone-ethyl e<br/>glyphosate, respectivamente. O crescimento inicial em altura, a massa seca e a fotossíntese do clone<br/>CLR 384 não foram afetados pela subdose isolada de carfentrazone-ethyl. Os resultados deste trabalho<br/>permitem concluir que os dois herbicidas, aplicados de forma isolada ou em mistura, reduzem o<br/>crescimento inicial, a massa seca e a fotossíntese em plantas de eucalipto.<br/><br/>Palavras-chave: eucalipto, fotossíntese, morfoanatomia foliar, fitointoxicação. |
| 650 ## - ASSUNTO - THESAGRO | |
| Cabeçalho tópico ou nome geográfico | EUCALIPTO |
| 650 ## - ASSUNTO - THESAGRO | |
| Cabeçalho tópico ou nome geográfico | FOTOSSÍNTESE |
| 650 ## - ASSUNTO - THESAGRO | |
| Cabeçalho tópico ou nome geográfico | MORFOLOGIA VEGETAL |
| 650 ## - ASSUNTO - THESAGRO | |
| Cabeçalho tópico ou nome geográfico | ANATOMIA VEGETAL |
| 773 0# - ENTRADA ANALÍTICA | |
| Host Biblionumber | 886 |
| Registro do item | 1816 |
| Imprenta | Londrina-PR : Sociedade Brasileira da Ciência das Plantas Daninhas, 1978 |
| Outro identificador | 2023-031023 |
| Título | Planta Daninha (Brazil) |
| ISSN | 0100-8358; 1806-9681 (on-line) |
| Colação | v. 37 p. 1-10; (2019) |
| Número de controle de registro | BR2023000423 |
| 856 ## - ACESSO E ENDEREÇO ELETRÔNICO | |
| Identificador uniforme de recurso - URI | https://www.scielo.br/j/pd/a/xmQHdzGYqWNgXXRskHD5LHS/?format=pdf&lang=en |
Nenhum exemplar disponível.

BINAGRI